000 01045nam a22002297a 4500
999 _c57123
_d57123
003 Ge_BSU
005 20191121172417.0
008 191121s2019 ||||| |||| 00| 0 geo d
020 _a9789941484230
041 _ageo
080 _a94(479.223-25) გ-61
100 _aგოგოლიშვილი, ოთარ.
_9930
245 _aბათუმის ისტორიიდან /
_cოთარ გოგოლიშვილი ; რედ. ჯ. კარალიძე.
264 _aქუთაისი :
_bაკაკი წერეთლის სახელმწ. უნ-ტის გამ-ბა,
_c2019.
300 _a185,გვ.:
_c21 სმ.
504 _aბიბლიოგრ. ტექსტების ბოლოს
520 _aბიბლიოგრ. ტექსტების ბოლოს
653 _aბათუმის ისტორია
653 _aისტორია
700 _aკარალიძე, ჯ.
_eრედაქტორი
_95511
942 _2udc
_cBK